Shirley and others v Crabtree (Record no. 79471)

MARC details
000 -LEADER
fixed length control field 01816cad a22002055a 4500
001 - CONTROL NUMBER
control field L141362
008 - FIXED-LENGTH DATA ELEMENTS--GENERAL INFORMATION
fixed length control field 071119s2007 xxk f v 000 0 eng d
035 ## - SYSTEM CONTROL NUMBER
System control number (Sirsi) u141362
041 0# - LANGUAGE CODE
Language code of text/sound track or separate title eng
245 00 - TITLE STATEMENT
Title Shirley and others v Crabtree
Medium [electronic resource]
260 ## - PUBLICATION, DISTRIBUTION, ETC.
Date of publication, distribution, etc. 2007
520 ## - SUMMARY, ETC.
Summary, etc. [2007] EWHC 1532, [2007] PLSCS 139, 27 June 2007. The appellants (S) appealed against a decision that the respondent (C) was entitled to take on the tenancy of an agricultural holding upon her father's retirement. The Agricultural Lands Tribunal had found that as required by section 57 of the Agricultural Holdings Act, C had derived her principal source of livelihood from the holding for five of the last seven years. The tribunal made this judgment based on the seven year period ending at the date of C's father's retirement notice. S argued that C also had to fulfil this requirement in the seven years up to the date of the hearing. They relied upon section 53(5) of the Act's statement that S should have "not subsequently ceased to be such a person". "Held": Section 50(2)(a) of the Act could only be taken to mean that the seven year period should end upon the date of retirement notice. Nothing in the section indicated that eligibility by livelihood, once attained, could be lost. S's proposals would cause considerable confusion in cases where hearings were held after a considerable delay following a retirement notice. Appeal dismissed.
590 ## - LOCAL NOTE (RLIN)
Local note KA
650 24 - SUBJECT ADDED ENTRY--TOPICAL TERM
Topical term or geographic name entry element SHIRLEY AND OTHERS V CRABTREE
650 24 - SUBJECT ADDED ENTRY--TOPICAL TERM
Topical term or geographic name entry element AGRICULTURAL HOLDINGS ACT 1986
651 #4 - SUBJECT ADDED ENTRY--GEOGRAPHIC NAME
Geographic name England and Wales
Chronological subdivision 1543-
690 ## - LOCAL SUBJECT ADDED ENTRY--TOPICAL TERM (OCLC, RLIN)
Topical term or geographic name as entry element PROPERTY-LANDLORD AND TENANT-TENANCIES-AGRICULTURAL TENANCIES
856 40 - ELECTRONIC LOCATION AND ACCESS
Uniform Resource Identifier <a href="https://www.bailii.org/ew/cases/EWHC/Admin/2007/1532.html">https://www.bailii.org/ew/cases/EWHC/Admin/2007/1532.html</a>
Public note View the judgment free of charge at www.bailii.org...
942 ## - ADDED ENTRY ELEMENTS (KOHA)
Suppress in OPAC 0
Holdings
Withdrawn status Lost status Source of classification or shelving scheme Damaged status Not for loan Home library Current library Shelving location Date acquired Total Checkouts Full call number Barcode Date last seen Copy number Price effective from Koha item type
    Dewey Decimal Classification     Virtual Virtual Online 19/11/2007   ONLINE PUBLICATION 141362-1001 06/08/2019 1 06/08/2019 Law report